Every Song by the Dangerous Summer - Statistics

General Stats
  • This quiz has been taken 15 times
  • The average score is 12 of 81
Answer Stats
Album Song % Correct
Coming Home(2022) Coming Home
100%
Mother Nature(2020) Mother Nature
100%
There Is No Such Thing as Science(2007) Presque Vu (Home)
100%
Reach for the Sun(2009) Reach for the Sun
100%
War Paint(2011) War Paint
100%
Reach for the Sun(2009) A Space to Grow
50%
Golden Record(2013) Catholic Girls
50%
All That Is Left of the Blue Sky(2020) Come Along
50%
All That Is Left of the Blue Sky(2020) Come Down
50%
All That Is Left of the Blue Sky(2020) Fuck Them All
50%
The Dangerous Summer(2018) Ghosts
50%
All That Is Left of the Blue Sky(2020) I'm Alive
50%
All That Is Left of the Blue Sky(2020) LA in a Cop Car
50%
All That Is Left of the Blue Sky(2020) Lie to Me
50%
War Paint(2011) No One’s Gonna Need You More
50%
Reach for the Sun(2009) The Permanent Rain
50%
The Dangerous Summer(2018) This Is Life
50%
Mother Nature(2020) Virginia
50%
Mother Nature(2020) Where Were You When The Sky Opened Up
50%
Coming Home(2022) All I Ever Wanted Was A Chance To Know Myself
0%
Golden Record(2013) Anchor
0%
Mother Nature(2020) Better Light
0%
Coming Home(2022) Big Green Eyes
0%
Mother Nature(2020) Blind Ambition
0%
Mother Nature(2020) Bring Me Back to Life
0%
The Dangerous Summer(2018) Color
0%
Mother Nature(2020) Consequence of Living
0%
Coming Home(2022) Dimensional Love
0%
If You Could Only Keep Me Alive(2007) Disconnect
0%
Golden Record(2013) Drowning
0%
War Paint(2011) Everyone Left
0%
The Dangerous Summer(2018) Fire
0%
Coming Home(2022) Gold Star
0%
Coming Home(2022) Goodbye
0%
Reach for the Sun(Bonus)(2009) Good Things
0%
War Paint(2011) Good Things
0%
There Is No Such Thing as Science(2007) Here We Are After Dark
0%
Golden Record(2013) Honesty
0%
Golden Record(2013) I'm So Pathetic
0%
The Dangerous Summer(2018) Infinite
0%
War Paint(2011) In My Room
0%
Golden Record(2013) Into the Comfort
0%
War Paint(2011) I Should Leave Right Now
0%
Mother Nature(2020) It Is Real
0%
If You Could Only Keep Me Alive(2007) I Would Stay
0%
Golden Record(2013) Knives
0%
The Dangerous Summer(2018) Live Forever
0%
The Dangerous Summer(2018) Luna
0%
Coming Home(2022) Meet Me in the Morning
0%
Golden Record(2013) Miles Apart
0%
War Paint(2011) Miscommunication
0%
Reach for the Sun(2009) Never Feel Alone
0%
Reach for the Sun(2009) Northern Lights
0%
There Is No Such Thing as Science(2007) Of Confidence
0%
There Is No Such Thing as Science(2007) One Year at the Peak of Summer
0%
War Paint(2011) Parachute
0%
Coming Home(2022) Polarity
0%
Mother Nature(2020) Prologue
0%
Reach for the Sun(2009) Settle Down
0%
Coming Home(2022) Sideways
0%
Golden Record(2013) Sins
0%
War Paint(2011) Siren
0%
Coming Home(2022) Someday
0%
Mother Nature(2020) Starting Over / Slow Down
0%
Reach for the Sun(2009) Surfaced
0%
Reach for the Sun(2009) Symmetry
0%
Non-Album(2021) The Best Part of Letting Go
0%
Reach for the Sun(2009) This Is War
0%
The Dangerous Summer(2018) Valium
0%
Mother Nature(2020) Violent Red
0%
If You Could Only Keep Me Alive(2007) Wake Up
0%
War Paint(2011) Waves
0%
Mother Nature(2020) Way Down
0%
Reach for the Sun(2009) Weathered
0%
Non-Album(2023) We Can't Stop
0%
Golden Record(2013) We Will Wait in the Fog
0%
The Dangerous Summer(2018) When I Get Home
0%
Reach for the Sun(2009) Where I Want to Be
0%
Coming Home(2022) Wide Open
0%
The Dangerous Summer(2018) Wild Again
0%
War Paint(2011) Work in Progress
0%
No matching quizzes found
Score Distribution
Percent of People with Each Score
Percentile by Number Answered
Your Score History
You have not taken this quiz